All GloRilla Songs - Statistics

General Stats
  • This quiz has been taken 35 times
    29 since last reset
  • The average score is 7 of 29
Answer Stats
Album Song % Correct
Single #5 Yeah Glo!
74%
Gangsta Art Tomorrow
70%
Anyways, Life's Great... F.N.F. (Let's Go)
65%
Anyways, Life's Great... Tomorrow 2
52%
Single #4 Lick or Sum
43%
Anyways, Life's Great... Blessed
39%
Anyways, Life's Great... No More Love
30%
Single #2 On Wat U On
30%
Anyways, Life's Great... Nut Quick
26%
Single #3 Internet Trolls
22%
Most Likely Up Next Intro
22%
Anyways, Life's Great... Out Loud Thinking
22%
Single Don't Kno (Remix)
17%
Anyways, Life's Great... Get That Money
17%
Most Likely Up Next Gmfu
17%
Anyways, Life's Great... PHATNALL
17%
Most Likely Up Next My Young N****s
13%
P Status Paid
13%
P Status Poppin
13%
P Status Pressure
13%
P Status Problem
13%
P Status Psycho
13%
Most Likely Up Next Steph Curry
13%
Most Likely Up Next Trust Issues
13%
Anyways, Life's Great... Unh Unh
13%
Most Likely Up Next Do the Dash
9%
Most Likely Up Next Side N****s (Ice Cream Soda Pop)
9%
Most Likely Up Next Turn Up
9%
Most Likely Up Next Crazy Story
4%
No matching quizzes found
Score Distribution
Percent of People with Each Score
Percentile by Number Answered
Your Score History
You have not taken this quiz since the last reset